000
00485nam a2200181Ia 4500
008
100917s9999 xx 000 0 und d
082
_b
5918
100
_a
टोळ दत्ता श्री.
245
_a
जादू संपली
260
_b
---
300
_a
44
365
_b
0.75
520
_a
बालविभाग
630
_a
जादू संपली
650
_a
बालविभाग
730
_a
जादू संपली
942
_c
BOOK
999
_c
611312
_d
611309